000 00306nam a2200121Ia 4500
008 220216s9999 xx 000 0 und d
100 _aSasidharan K K
245 0 _aQuality enhancement through nano technology
260 _bRubber Asia
_c2008
300 _a47-48
650 _aNano technology
942 _cJS
999 _c66165
_d66165